Thực hành sinh học trong trường phổ thông

में बचाया:
ग्रंथसूची विवरण
मुख्य लेखक: Mai, Sỹ Tuấn
स्वरूप: पुस्तक
भाषा:Undetermined
प्रकाशित: Hà Nội Giáo dục Việt Nam 2013
विषय:
टैग : टैग जोड़ें
कोई टैग नहीं, इस रिकॉर्ड को टैग करने वाले पहले व्यक्ति बनें!
Thư viện lưu trữ: Trung tâm Học liệu Trường Đại học Cần Thơ
LEADER 00715nam a2200229Ia 4500
001 CTU_238445
008 210402s9999 xx 000 0 und d
020 |c 85000 
082 |a 570.712 
082 |b T502 
100 |a Mai, Sỹ Tuấn 
245 0 |a Thực hành sinh học trong trường phổ thông 
245 0 |c Mai Sỹ Tuân (Chủ biên) 
260 |a Hà Nội 
260 |b Giáo dục Việt Nam 
260 |c 2013 
526 |a Thí nghiệm sinh phổ thông 
526 |b SP421 
650 |a Biology,Sinh học 
650 |x Study and teaching (Secondary),Dạy và học (Trung học) 
904 |i Hải 
980 |a Trung tâm Học liệu Trường Đại học Cần Thơ